Statistics for ♫ "Hole in the Bottom of My Brain" - Lyrics - AJR ♫

Click here to take the quiz!

General Stats

  • This quiz has been taken 50 times
  • The average score is 317 of 384

Answer Stats

Lyric% Correct
a
100%
bottom
100%
brain
100%
hole
100%
I
100%
in
100%
In
100%
my
100%
of
100%
the
100%
There's
97%
there's
97%
when
97%
When
97%
away
94%
But
94%
go
94%
goes
94%
party,
91%
party
91%
know
88%
On
88%
on
88%
phone
88%
phone,
88%
post
88%
So
88%
throw
88%
to
88%
And
84%
and
84%
great
84%
knows
84%
like
84%
needs
84%
was
84%
you
84%
do
81%
Do-do-do-do-do,
81%
do-do-do-do-do
81%
Do-do-do-do-do
81%
me,
81%
world
81%
get
78%
is
78%
that
78%
be
75%
hellos
75%
I'm
75%
picture
75%
we're
75%
were
75%
by
72%
guy
72%
likes
72%
love
72%
money,
72%
no,
72%
up,
72%
explode
69%
fine
69%
heads
69%
Heads
69%
just
69%
start
69%
how
66%
it
66%
L.A.
66%
let's
66%
Let's
66%
make
66%
say,
66%
say
66%
(This
66%
yeah,
66%
gold
63%
If
63%
lookin'
63%
sorry
59%
they'll
59%
made
56%
Now
53%
right)
53%
famous,
50%
home
50%
own
50%
thing
50%
coke
47%
don't
47%
fancily
47%
From
47%
spend
47%
your
47%
clothes
44%
nose
44%
song
44%
wrote
44%
about
41%
are
41%
bro
41%
sewn
41%
fame
38%
for
38%
finally
34%
town
34%
alone,
31%
alone
31%
coast
31%
could
31%
ready
31%
loathe
28%
gets
22%
stoked
22%
showroom
19%

Score Distribution

Percentile by Number Answered

Percent of People with Each Score

Your Score History

You have not taken this quiz